[Event "PRO League Group Stage"]
[Site "chess.com INT"]
[Date "2019.02.19"]
[Round "7"]
[White "Frolyanov, Dmitry"]
[Black "Azarov, Sergei"]
[Result "1/2-1/2"]
[WhiteTitle "GM"]
[BlackTitle "GM"]
[WhiteElo "2517"]
[BlackElo "2575"]
[WhiteTeam "Volga Stormbringers"]
[BlackTeam "New York Marshalls"]
[WhiteFideId "4151976"]
[BlackFideId "13501470"]
[EventDate "2019.01.08"]

1. Nf3 Nf6 2. g3 b5 3. Bg2 Bb7 4. O-O e6 5. d4 c5 6. a4 b4 7. c3 cxd4 8. cxd4
Be7 9. Nbd2 O-O 10. Nb3 a5 11. Ne1 Bxg2 12. Nxg2 d5 13. Bg5 Ne4 14. Bxe7 Qxe7
15. Qd3 Nd7 16. Rfc1 Nb6 17. Nc5 Nxc5 18. Rxc5 Nc4 19. b3 Nd6 20. f3 h6 21. Rac1
Qf6 22. Ne3 h5 23. Kg2 g6 24. Rc7 Rfe8 25. R1c6 Red8 26. Rc5 Kg7 27. R7c6 Qe7
28. Rc7 Qf6 29. R7c6 Qe7 30. Rc7 Qf6 31. R7c6 Qe7 32. Rc7 Qf6 33. R7c6 Qe7 34.
Rc7 1/2-1/2

[Event "PRO League Group Stage"]
[Site "chess.com INT"]
[Date "2019.02.19"]
[Round "7"]
[White "Khamrakulov, Djurabek"]
[Black "Bryakin, Mikhail"]
[Result "1-0"]
[WhiteTitle "GM"]
[BlackTitle "FM"]
[WhiteElo "2503"]
[BlackElo "2426"]
[WhiteTeam "New York Marshalls"]
[BlackTeam "Volga Stormbringers"]
[WhiteFideId "14201143"]
[BlackFideId "4165314"]
[EventDate "2019.01.08"]

1. e4 c6 2. Nc3 d5 3. Nf3 Nf6 4. e5 Ne4 5. Ne2 Qb6 6. d4 h6 7. Nfg1 c5 8. f3 Ng5
9. dxc5 Qxc5 10. Nd4 Nc6 11. Nb3 Qb6 12. h4 Ne6 13. Qxd5 Nc7 14. Qe4 Be6 15. Be3
Qb4+ 16. Qxb4 Nxb4 17. Nd4 O-O-O 18. a3 Nbd5 19. Bf2 a6 20. O-O-O Nf4 21. g3 Ng6
22. Nxe6 Rxd1+ 23. Kxd1 Nxe6 24. f4 Ngxf4 25. gxf4 Nxf4 26. Ne2 Ng6 27. e6 fxe6
28. Bh3 Ne5 29. Bg3 Nc6 30. Nf4 g5 31. Ng6 gxh4 32. Bxe6+ Kd8 33. Bxh4 1-0

[Event "PRO League Group Stage"]
[Site "chess.com INT"]
[Date "2019.02.19"]
[Round "7"]
[White "Ivlev, Aleksey"]
[Black "Xu, Grant"]
[Result "1/2-1/2"]
[WhiteTitle "FM"]
[WhiteElo "2326"]
[BlackElo "2207"]
[WhiteTeam "Volga Stormbringers"]
[BlackTeam "New York Marshalls"]
[WhiteFideId "24185949"]
[BlackFideId "2052318"]
[EventDate "2019.01.08"]

1. d4 e6 2. c4 Nf6 3. Nf3 b6 4. g3 Ba6 5. b3 b5 6. cxb5 Bxb5 7. Bg2 Bb4+ 8. Bd2
a5 9. Nc3 Bc6 10. O-O O-O 11. a3 Bxc3 12. Bxc3 a4 13. b4 Qc8 14. Rc1 Qb7 15. Ba1
Bd5 16. Qc2 Rc8 17. Rfe1 Be4 18. Qd2 d6 19. Bh3 h6 20. Qf4 Nbd7 21. Nd2 g5 22.
Qe3 Bg6 23. Bg2 Nd5 24. Qf3 f5 25. e4 fxe4 26. Nxe4 Rf8 27. Qg4 Rae8 28. Nxg5
N7f6 29. Qh4 hxg5 30. Qxg5 Kg7 31. f4 Nh7 32. Qh4 Rf7 33. Bc3 Nhf6 34. Qg5 c6
35. f5 exf5 36. Rxe8 Nxe8 37. Bd2 Rf6 38. Re1 Qf7 39. h4 Kf8 40. b5 Re6 41. Rf1
Qf6 42. Qh6+ Qg7 43. bxc6 Nec7 44. Qg5 Qxd4+ 45. Kh1 Qf6 46. Qh6+ Qg7 47. Rb1
Qxh6 48. Bxh6+ Kf7 49. Rb7 Kf6 50. Bg5+ Ke5 51. Bd8 Ne8 52. Rb5 Nf6 53. c7 Kd4
54. c8=Q Re1+ 55. Kh2 Ng4+ 56. Kh3 Nf2+ 57. Kh2 Ng4+ 58. Kh3 Nf2+ 59. Kh2 Ng4+
60. Kh3 Nf2+ 61. Kh2 Ng4+ 1/2-1/2

[Event "PRO League Group Stage"]
[Site "chess.com INT"]
[Date "2019.02.19"]
[Round "7"]
[White "Vachier-Lagrave, Maxime"]
[Black "Vallejo Pons, Francisco"]
[Result "1/2-1/2"]
[WhiteTitle "GM"]
[BlackTitle "GM"]
[WhiteElo "2780"]
[BlackElo "2698"]
[WhiteTeam "Marseille Migraines"]
[BlackTeam "Barcelona Raptors"]
[WhiteFideId "623539"]
[BlackFideId "2205530"]
[EventDate "2019.01.08"]

1. c4 e6 2. d4 d5 3. Nc3 a6 4. cxd5 exd5 5. Bf4 c6 6. e3 Bd6 7. Bg3 Ne7 8. Nf3
Nf5 9. Bd3 Nxg3 10. hxg3 h6 11. Qc2 Be6 12. O-O-O Nd7 13. Bf5 Bxf5 14. Qxf5 Qf6
15. Qc2 Bb4 16. Ne2 O-O-O 17. Nf4 Qd6 18. Kb1 Kb8 19. Qf5 Qe7 20. Qc2 Bd6 21.
Nd3 h5 22. Rc1 Rc8 23. Nd2 h4 24. gxh4 Rxh4 25. g3 Rhh8 26. a3 Nf6 27. Nf3 Ng4
28. Ka2 Qe4 29. Qe2 Qf5 30. Nd2 Nf6 31. Nb3 Ne4 32. g4 Qe6 33. Qf3 g6 34. Qg2
Qf6 35. f3 Ng5 36. f4 Ne4 37. Qc2 Qe6 38. g5 Rh3 39. Rxh3 Qxh3 40. Na5 Qd7 41.
Rh1 c5 42. dxc5 Bxc5 43. Qb3 Ka7 44. Rc1 b6 45. Ne5 Qe6 46. Nac6+ Rxc6 47. Nxc6+
Qxc6 48. Qd3 a5 49. b4 axb4 50. axb4 Qa4+ 51. Qa3 Qxa3+ 52. Kxa3 Bxe3 53. Rc7+
Kb8 54. Rxf7 d4 55. f5 gxf5 56. g6 Bh6 57. g7 Bxg7 58. Rxg7 d3 59. Kb2 Kc8 60.
Rf7 Nd6 61. Rf8+ Kd7 62. Kc3 Kc6 63. Kxd3 Kb5 64. Rf6 Nc4 65. Kc3 Ne3 66. Kb3
Nd5 67. Rxf5 Kc6 68. Rg5 b5 69. Rg1 Kb6 70. Rc1 Nc7 71. Rd1 Na6 72. Rd4 Kc6 73.
Kc3 Nc7 74. Kd3 Nd5 75. Ke4 Nc7 76. Ke5 Na6 77. Ke6 Nc7+ 78. Kf6 Na6 79. Ke5 Kc7
80. Kd5 Kb6 81. Kd6 Kb7 82. Rf4 Kb6 83. Kd5 Kb7 84. Rf6 Nxb4+ 85. Kc5 Na6+ 86.
Kxb5 Nc7+ 87. Kc5 Na6+ 88. Kd6 Kb6 89. Rf1 Kb5 90. Rb1+ Nb4 91. Rxb4+ Kxb4 1/2-1/2

[Event "PRO League Group Stage"]
[Site "chess.com INT"]
[Date "2019.02.19"]
[Round "7"]
[White "Ponomariov, Ruslan"]
[Black "Fressinet, Laurent"]
[Result "1/2-1/2"]
[WhiteTitle "GM"]
[BlackTitle "GM"]
[WhiteElo "2664"]
[BlackElo "2655"]
[WhiteTeam "Barcelona Raptors"]
[BlackTeam "Marseille Migraines"]
[WhiteFideId "14103320"]
[BlackFideId "608742"]
[EventDate "2019.01.08"]

1. e4 e5 2. Nf3 Nc6 3. Bc4 Bc5 4. d3 Nf6 5. O-O d6 6. c3 a6 7. a4 Ba7 8. h3 h6
9. Re1 g5 10. Be3 Bxe3 11. Rxe3 g4 12. hxg4 Nxg4 13. Re2 Rg8 14. Nbd2 Qf6 15.
Nf1 Qg6 16. g3 Qf6 17. Kg2 Ne7 18. Ne3 Ng6 19. Nd5 Qd8 20. Qb3 Rg7 21. Rh1 Rb8
22. Kf1 Kf8 23. a5 Be6 24. Ne3 Qf6 25. Nh4 Nxh4 26. Rxh4 Bd7 27. Nxg4 Rxg4 28.
Rxg4 Bxg4 29. Re3 Qg6 30. f3 Be6 31. Kf2 Ke7 32. Re1 Qg5 33. Qd1 Rg8 34. Rg1 h5
35. Qc1 f6 36. Bxe6 Kxe6 37. Qxg5 fxg5 1/2-1/2

[Event "PRO League Group Stage"]
[Site "chess.com INT"]
[Date "2019.02.19"]
[Round "7"]
[White "Sebag, Marie"]
[Black "Diaz Camallonga, Carles"]
[Result "0-1"]
[WhiteTitle "GM"]
[BlackTitle "IM"]
[WhiteElo "2476"]
[BlackElo "2432"]
[WhiteTeam "Marseille Migraines"]
[BlackTeam "Barcelona Raptors"]
[WhiteFideId "617822"]
[BlackFideId "22235256"]
[EventDate "2019.01.08"]

1. e4 e6 2. d4 d5 3. exd5 exd5 4. Nf3 Nc6 5. Bb5 Bd6 6. c4 dxc4 7. Bxc4 Qe7+ 8.
Be3 Nf6 9. O-O O-O 10. Nc3 h6 11. Re1 Qd8 12. h3 Bf5 13. d5 Ne7 14. Nd4 Bh7 15.
Qf3 Ng6 16. Bf1 a6 17. Rad1 Qd7 18. Bxh6 Nh4 19. Qe3 gxh6 20. Qxh6 Ng6 21. Bd3
Bf4 22. Nf5 Bxh6 23. Nxh6+ Kg7 24. Nf5+ Kh8 25. Re3 Nf4 26. Re7 Bxf5 27. Rxd7
Bxd7 28. Bc4 Rfe8 29. Rd4 Ng6 30. Bd3 Kg7 31. Ne2 Ne5 32. Nf4 Nxd3 33. Rxd3 Re4
34. g3 Rae8 35. Rc3 c6 36. d6 Rd4 37. Kg2 Rxd6 38. g4 Rd4 39. Rf3 Ree4 40. Kg3
c5 41. Ng2 Nxg4 42. hxg4 Rxg4+ 43. Kh2 Rxg2+ 44. Kxg2 Bc6 0-1

[Event "PRO League Group Stage"]
[Site "chess.com INT"]
[Date "2019.02.19"]
[Round "7"]
[White "Cubas Cabrera, Angel Luis"]
[Black "Regoli, Stephane"]
[Result "0-1"]
[WhiteElo "2083"]
[BlackElo "2256"]
[WhiteTeam "Barcelona Raptors"]
[BlackTeam "Marseille Migraines"]
[WhiteFideId "32046561"]
[BlackFideId "615110"]
[EventDate "2019.01.08"]

1. d4 d5 2. Nf3 Nf6 3. c4 e6 4. g3 Be7 5. Bg2 O-O 6. O-O c6 7. Qc2 Nbd7 8. Nbd2
b6 9. e4 dxe4 10. Nxe4 Bb7 11. Rd1 Rc8 12. Nxf6+ Nxf6 13. c5 Nd5 14. a3 Bf6 15.
Rb1 Qe7 16. b4 Rfd8 17. Bb2 Ba6 18. Nd2 Be2 19. Re1 Bh5 20. Qb3 b5 21. Ne4 Bg6
22. Rbd1 Bxe4 23. Bxe4 g6 24. a4 Rb8 25. Bxd5 Rxd5 26. axb5 Rxb5 27. Qc4 a5 28.
Bc3 axb4 29. Bxb4 Qd8 30. Re4 Qb8 31. Bc3 Rbxc5 32. dxc5 Rxd1+ 33. Re1 Rxe1+ 34.
Bxe1 Qb1 35. Kf1 Qa1 36. Ke2 Qe5+ 37. Kf1 Qd5 38. Qxd5 exd5 39. Ke2 Bd4 40. Bb4
f5 41. f3 Kf7 42. Kd3 Bg1 43. h3 Ke6 44. Ba3 h5 45. Bb4 Bf2 46. g4 Ke5 47. Ke2
Bg1 48. Kf1 Bd4 49. gxh5 gxh5 50. Ba3 Kf4 51. Kg2 Be3 52. Bb4 d4 53. h4 d3 54.
Ba5 Bxc5 55. Bc7+ Ke3 56. Kf1 d2 57. Bf4+ Kxf4 58. Ke2 d1=Q+ 59. Kxd1 Kxf3 60.
Kd2 Kg4 61. Ke2 Kxh4 62. Kf1 Kg4 63. Kg2 Be7 64. Kh1 Bg5 65. Kg2 c5 66. Kh1 c4
67. Kg2 c3 68. Kh1 c2 69. Kg2 h4 70. Kh2 Bf4+ 71. Kg2 h3+ 72. Kf2 Bg3+ 73. Ke2
c1=Q 74. Kd3 h2 75. Kd4 h1=Q 76. Kd3 Qhd1# 0-1

[Event "PRO League Group Stage"]
[Site "chess.com INT"]
[Date "2019.02.19"]
[Round "7"]
[White "Sevian, Samuel"]
[Black "Andriasian, Zaven"]
[Result "1/2-1/2"]
[WhiteTitle "GM"]
[BlackTitle "GM"]
[WhiteElo "2647"]
[BlackElo "2604"]
[WhiteTeam "Montclair Sopranos"]
[BlackTeam "Armenia Eagles"]
[WhiteFideId "2040506"]
[BlackFideId "13302000"]
[EventDate "2019.01.08"]

1. e4 c6 2. d4 d5 3. e5 Bf5 4. h4 h5 5. Bd3 Bxd3 6. Qxd3 e6 7. Bg5 Be7 8. Nf3
Nh6 9. Bxh6 Rxh6 10. Nbd2 Nd7 11. c3 c5 12. a3 Rc8 13. g3 Qb6 14. b4 cxd4 15.
cxd4 Qc6 16. O-O Qc3 17. Qxc3 Rxc3 18. Rfc1 Rxc1+ 19. Rxc1 Kd8 20. Nb3 b6 21. b5
f6 22. a4 Rg6 23. a5 fxe5 24. dxe5 Bc5 25. Kg2 Rg4 26. Ng5 Ba3 27. Rc6 Nxe5 28.
Rxe6 Nd3 29. Re3 Nc5 30. axb6 axb6 31. f4 Kd7 32. Nxc5+ Bxc5 33. Re5 d4 34. Kf3
Kc7 35. Rd5 Bb4 36. Ne6+ Kc8 37. Rxh5 Rg6 38. Nxd4 Rd6 39. Nc6 Be1 40. Ne5 Rd5
41. Rh8+ Kc7 42. Rh7 Rxb5 43. Rxg7+ Kd6 44. Rg6+ Ke7 45. Nc6+ Kf7 46. h5 Rxh5
47. Rd6 b5 48. Ne5+ Ke7 49. Rb6 Rh3 50. Rg6 b4 51. Nd3 Kf7 52. Rg5 Bc3 53. Rb5
Rh1 54. Rb7+ Ke8 55. g4 Rb1 56. Nc5 Bd4 57. Ne6 Bc3 58. Nc7+ Kd7 59. Nd5+ Kc6
60. Nxc3 Rf1+ 61. Ke2 Rxf4 62. Rc7+ Kd6 63. Nb5+ Ke6 64. Rc6+ Ke5 65. Rg6 b3 66.
Nc3 b2 67. Nb1 Rc4 68. Nd2 Rb4 69. Nb1 Rc4 70. Rb6 Rxg4 71. Nd2 Rg2+ 72. Kd3
Rg3+ 73. Kc2 b1=Q+ 74. Rxb1 Kd5 75. Rb5+ Kd4 76. Rb4+ Kd5 77. Rh4 Re3 78. Nf1
Rf3 79. Rh5+ Kd4 80. Nd2 Rc3+ 81. Kd1 Ra3 82. Rh4+ Kd5 83. Ke2 Rg3 84. Ne4 Ra3
85. Kd2 Ke5 86. Nc3 Kf5 87. Kd3 Ra1 88. Rh8 Ke5 89. Re8+ Kd6 90. Kd4 Rh1 91.
Ne4+ Kd7 92. Rg8 Re1 93. Rg6 Ke7 94. Kd5 Rd1+ 95. Ke5 Kd7 96. Nc5+ Kc7 97. Nb3
Re1+ 98. Kd5 Rd1+ 99. Nd4 Kd7 100. Rg7+ Kd8 101. Rh7 Rd3 102. Ke5 Rd1 103. Nc6+
Kc8 104. Nb4 Kd8 105. Ke6 Re1+ 106. Kd6 Ke8 107. Nd5 Kf8 108. Nf4 Rd1+ 109. Ke6
Re1+ 110. Kf6 Ke8 111. Ng6 Kd8 112. Ne5 Kc8 113. Ke6 Rd1 114. Nc4 Kd8 115. Ne3
Re1 116. Rh3 Kc7 117. Kd5 Kb6 118. Nc4+ Kc7 119. Rh7+ Kd8 120. Kd6 Rd1+ 121. Ke6
Re1+ 122. Ne5 Kc8 123. Kd6 Rd1+ 124. Kc6 Rc1+ 1/2-1/2

[Event "PRO League Group Stage"]
[Site "chess.com INT"]
[Date "2019.02.19"]
[Round "7"]
[White "Ter-Sahakyan, Samvel"]
[Black "Lenderman, Aleksandr"]
[Result "1/2-1/2"]
[WhiteTitle "GM"]
[BlackTitle "GM"]
[WhiteElo "2574"]
[BlackElo "2637"]
[WhiteTeam "Armenia Eagles"]
[BlackTeam "Montclair Sopranos"]
[WhiteFideId "13302531"]
[BlackFideId "2021285"]
[EventDate "2019.01.08"]

1. e4 e6 2. d4 d5 3. Nc3 Bb4 4. e5 b6 5. Qg4 Bf8 6. Bb5+ c6 7. Ba4 Qd7 8. Nce2
Ba6 9. c3 Ne7 10. Ng3 Bb5 11. Bxb5 cxb5 12. N1e2 Nbc6 13. O-O b4 14. cxb4 Nxb4
15. Bd2 Nbc6 16. Rac1 g6 17. Bg5 Nf5 18. Bf6 h5 19. Qf3 Ng7 20. Rfd1 Rh7 21. a3
Be7 22. h4 Kf8 23. Rc3 Bxf6 24. Qxf6 Ne8 25. Qf3 Ne7 26. Nf1 Nf5 27. g3 Rc8 28.
Rdc1 Rxc3 29. Rxc3 Ke7 30. Qd3 Nc7 31. Ne3 Rh8 32. Nf4 Nxe3 33. Qxe3 Rc8 34.
Nxg6+ fxg6 35. Qg5+ Ke8 36. Rf3 Qg7 37. Rf6 Kd7 38. Rxg6 Qf8 39. Qxh5 Kc6 40.
Qg4 Kb7 41. h5 Qe8 42. h6 Qb5 43. h7 Qxb2 44. Kg2 Qc2 45. Rh6 Rf8 46. Qf4 Rh8
47. Qf7 Qe4+ 48. Kg1 Qb1+ 49. Kg2 Qe4+ 50. Kg1 Qb1+ 51. Kg2 Qe4+ 52. Kg1 1/2-1/2

[Event "PRO League Group Stage"]
[Site "chess.com INT"]
[Date "2019.02.19"]
[Round "7"]
[White "Sturt, Raven"]
[Black "Gabrielian, Artur"]
[Result "1/2-1/2"]
[WhiteTitle "IM"]
[BlackTitle "GM"]
[WhiteElo "2429"]
[BlackElo "2490"]
[WhiteTeam "Montclair Sopranos"]
[BlackTeam "Armenia Eagles"]
[WhiteFideId "2007304"]
[BlackFideId "4131002"]
[EventDate "2019.01.08"]

1. d4 Nf6 2. c4 c5 3. d5 e6 4. Nc3 exd5 5. cxd5 d6 6. Nf3 g6 7. e4 Bg7 8. Bd3
O-O 9. O-O Bg4 10. h3 Bxf3 11. Qxf3 Nbd7 12. Qe2 Re8 13. Be3 a6 14. a4 Rc8 15.
Bc2 Qa5 16. Ra3 c4 17. Qd2 Nc5 18. f3 Nfd7 19. Bd1 Ne5 20. Be2 Ned3 21. Rb1 Qb4
22. a5 Nb3 23. Qc2 Nxb2 24. Qxb2 Bxc3 25. Qa2 Be5 26. Bxc4 Qxc4 27. Qxb3 Re7 28.
Qxc4 Rxc4 29. Rab3 Rcc7 30. f4 Bg7 31. e5 Rcd7 32. Rb6 dxe5 33. Bc5 Re8 34. d6
Rb8 35. Rxa6 Rc8 36. Ra7 Rxc5 37. a6 Rc8 38. axb7 Rb8 39. Ra8 Rdd8 40. d7 Bf6
41. Rc1 Kg7 42. Rc8 Rxb7 43. Rxd8 Bxd8 44. Rxd8 Kf6 45. fxe5+ Ke6 46. Kf2 Rxd7
47. Rxd7 Kxd7 48. Ke3 Ke6 49. Ke4 h6 50. g3 h5 51. h4 f6 52. exf6 Kxf6 53. Kf4 1/2-1/2

[Event "PRO League Group Stage"]
[Site "chess.com INT"]
[Date "2019.02.19"]
[Round "7"]
[White "Sargsyan, Anna M."]
[Black "Foisor, Sabina-Francesca"]
[Result "1-0"]
[WhiteTitle "WFM"]
[BlackTitle "WGM"]
[WhiteElo "2339"]
[BlackElo "2276"]
[WhiteTeam "Armenia Eagles"]
[BlackTeam "Montclair Sopranos"]
[WhiteFideId "13308130"]
[BlackFideId "1212915"]
[EventDate "2019.01.08"]

1. d4 d5 2. Nf3 Nf6 3. c4 c6 4. Nc3 a6 5. c5 g6 6. Bf4 Bg7 7. e3 O-O 8. h3 Nbd7
9. Be2 Ne8 10. O-O e5 11. Nxe5 Nxe5 12. Bxe5 Bxe5 13. dxe5 Qe7 14. Qd4 Ng7 15.
e4 Ne6 16. Qd2 d4 17. Na4 Re8 18. f4 Nxc5 19. Nb6 Nxe4 20. Qd3 Nc5 21. Qxd4 Rb8
22. Nc4 Ne6 23. Qf2 Qc5 24. Nd6 Rd8 25. g4 b5 26. Qxc5 Nxc5 27. Rac1 Ne6 28.
Rcd1 Bb7 29. f5 gxf5 30. gxf5 Nf8 31. Bh5 Rd7 32. Rd3 f6 33. Rg3+ Rg7 34. Rxg7+
Kxg7 35. Ne8+ Kh8 36. Nxf6 c5 37. Rd1 h6 38. Kf2 Nh7 39. Nxh7 Kxh7 40. Rd7+ Kg8
41. f6 Bc6 42. Rg7+ Kh8 43. e6 Rf8 44. Rg6 Kh7 45. f7 Be4 46. Rf6 Kg7 47. Rf4
Bg6 48. Bxg6 Kxg6 49. e7 Kg7 50. exf8=Q+ Kxf8 51. Ke3 1-0

[Event "PRO League Group Stage"]
[Site "chess.com INT"]
[Date "2019.02.19"]
[Round "7"]
[White "Andreikin, Dmitry"]
[Black "Andriasian, Zaven"]
[Result "1-0"]
[WhiteTitle "GM"]
[BlackTitle "GM"]
[WhiteElo "2725"]
[BlackElo "2604"]
[WhiteTeam "Volga Stormbringers"]
[BlackTeam "Armenia Eagles"]
[WhiteFideId "4158814"]
[BlackFideId "13302000"]
[EventDate "2019.01.08"]

1. e4 c5 2. Nc3 a6 3. g3 d6 4. Bg2 Nc6 5. Nge2 g6 6. d4 cxd4 7. Nxd4 Bd7 8. Be3
Bg7 9. Nd5 Rc8 10. Nxc6 Bxc6 11. c3 Nf6 12. O-O O-O 13. Re1 b5 14. Bb6 Qd7 15.
Nb4 Qb7 16. Ba5 Bxe4 17. Rxe4 Nxe4 18. Qd5 Qxd5 19. Nxd5 Rc4 20. b3 Nxc3 21.
Nxe7+ Kh8 22. bxc4 Ne2+ 23. Kf1 Bxa1 24. Bc7 Nc1 25. Bxd6 Rd8 26. c5 b4 27. Bd5
Bf6 28. c6 Rxd6 29. c7 Bxe7 30. c8=Q+ Kg7 31. Bc4 Bf6 32. Qc7 Rd1+ 33. Kg2 Kh6
34. Qxf7 Bd8 35. Qf8+ Kg5 36. h4+ Kh5 37. Qf3+ 1-0

[Event "PRO League Group Stage"]
[Site "chess.com INT"]
[Date "2019.02.19"]
[Round "7"]
[White "Ter-Sahakyan, Samvel"]
[Black "Frolyanov, Dmitry"]
[Result "1/2-1/2"]
[WhiteTitle "GM"]
[BlackTitle "GM"]
[WhiteElo "2574"]
[BlackElo "2517"]
[WhiteTeam "Armenia Eagles"]
[BlackTeam "Volga Stormbringers"]
[WhiteFideId "13302531"]
[BlackFideId "4151976"]
[EventDate "2019.01.08"]

1. e4 e5 2. Nf3 Nf6 3. Nxe5 d6 4. Nf3 Nxe4 5. d4 d5 6. Bd3 Bd6 7. O-O O-O 8. c4
c6 9. Qc2 Na6 10. a3 f5 11. b4 Nc7 12. Nc3 Bd7 13. c5 Be7 14. Ne5 Ne6 15. Ne2
Bf6 16. Bb2 Qc7 17. f4 Be8 18. Ng3 Bg6 19. Rad1 Bxe5 20. dxe5 Nxg3 21. hxg3 Qd7
22. Rde1 Rac8 23. Bc1 h5 24. Be3 Rb8 25. Rc1 Nc7 26. a4 a6 27. Rfd1 Be8 28. Kf2
g6 29. Rh1 Ne6 30. Rhd1 Kg7 31. Be2 Ra8 32. Qb2 Bf7 33. Bd4 Qe7 34. Rh1 Rh8 35.
Ke3 Rhf8 36. a5 Rh8 37. Kd2 Rac8 38. Qc3 Rhf8 39. Qe3 Be8 40. Kc3 Rh8 41. Kb3
Bf7 42. Ka3 Rcg8 43. Rh4 Qd8 44. Rch1 Rf8 45. Bd3 Rfg8 46. Be2 Rf8 47. Qf2 Rfg8
48. R4h2 Rf8 49. Bd3 Rfg8 50. Qe3 Rf8 51. Rh4 Rfg8 52. R4h2 Rf8 53. Rh4 Rfg8 54.
R4h2 Rf8 55. Rh4 Rfg8 1/2-1/2

[Event "PRO League Group Stage"]
[Site "chess.com INT"]
[Date "2019.02.19"]
[Round "7"]
[White "Bryakin, Mikhail"]
[Black "Gabrielian, Artur"]
[Result "0-1"]
[WhiteTitle "FM"]
[BlackTitle "GM"]
[WhiteElo "2426"]
[BlackElo "2490"]
[WhiteTeam "Volga Stormbringers"]
[BlackTeam "Armenia Eagles"]
[WhiteFideId "4165314"]
[BlackFideId "4131002"]
[EventDate "2019.01.08"]

1. d4 Nf6 2. c4 c5 3. d5 e6 4. Nc3 exd5 5. cxd5 d6 6. Nf3 g6 7. g3 Bg7 8. Bg2
O-O 9. O-O Re8 10. Bf4 Na6 11. Re1 Bg4 12. h3 Bxf3 13. Bxf3 Nc7 14. a4 Qe7 15.
Nb5 Nxb5 16. axb5 Nd7 17. Qc2 Be5 18. Bd2 Qf6 19. Bc3 h5 20. Ra4 Nb6 21. Rf4 Qe7
22. Re4 Qf6 23. Rf4 Qe7 24. Re4 Qg5 25. Bxe5 Rxe5 26. Rxe5 Qxe5 27. Ra1 Kg7 28.
Ra3 Qd4 29. Qb3 h4 30. gxh4 Qxh4 31. Bg2 Qd4 32. e3 Qe5 33. Qa2 a6 34. bxa6 Rxa6
35. Rxa6 bxa6 36. Qb3 Nd7 37. Qa3 Nf6 38. b3 Qc3 39. Qa2 a5 40. Bf3 Nd7 41. Kg2
Ne5 42. Qa4 Qd2 43. Qe4 Nd3 44. Qh4 Ne1+ 45. Kg3 Nxf3 46. Kxf3 Qxd5+ 47. Kg3
Qxb3 48. Qf4 Qd5 49. Qa4 c4 50. f4 c3 51. Qc2 Qc4 52. h4 a4 53. h5 a3 54. hxg6
fxg6 55. Qb1 c2 56. Qb7+ Kf6 57. Qa8 c1=Q 58. Qf8+ Qf7 59. Qd8+ Kg7 60. Qxd6
Qxe3+ 61. Kg2 Qe4+ 62. Kh2 Qexf4+ 0-1

[Event "PRO League Group Stage"]
[Site "chess.com INT"]
[Date "2019.02.19"]
[Round "7"]
[White "Sargsyan, Anna M."]
[Black "Ivlev, Aleksey"]
[Result "1-0"]
[WhiteTitle "WFM"]
[BlackTitle "FM"]
[WhiteElo "2339"]
[BlackElo "2326"]
[WhiteTeam "Armenia Eagles"]
[BlackTeam "Volga Stormbringers"]
[WhiteFideId "13308130"]
[BlackFideId "24185949"]
[EventDate "2019.01.08"]

1. d4 Nf6 2. Nf3 e6 3. c4 c5 4. d5 exd5 5. cxd5 d6 6. Nc3 g6 7. Nd2 a6 8. a4 Bg7
9. e4 O-O 10. Bd3 Nbd7 11. Nc4 Nb6 12. Nxb6 Qxb6 13. O-O Ng4 14. a5 Qc7 15. h3
Ne5 16. Be2 b5 17. axb6 Qxb6 18. f4 c4+ 19. Kh1 Nd3 20. Bxd3 cxd3 21. Qxd3 a5
22. Qg3 Ba6 23. Re1 Rfe8 24. e5 Rac8 25. Be3 Qxb2 26. Bd4 Qb4 27. Rad1 a4 28.
Ne4 Rcd8 29. Nxd6 Rf8 30. Qe3 Qb8 31. f5 Qa8 32. Bc5 Rb8 33. f6 Rb3 34. fxg7
Rxe3 35. gxf8=Q+ Qxf8 36. Rxe3 Qb8 37. e6 fxe6 38. dxe6 Bb5 39. e7 1-0

[Event "PRO League Group Stage"]
[Site "chess.com INT"]
[Date "2019.02.19"]
[Round "7"]
[White "Vallejo Pons, Francisco"]
[Black "Van Wely, Loek"]
[Result "1/2-1/2"]
[WhiteTitle "GM"]
[BlackTitle "GM"]
[WhiteElo "2698"]
[BlackElo "2622"]
[WhiteTeam "Barcelona Raptors"]
[BlackTeam "Amsterdam Mosquitoes"]
[WhiteFideId "2205530"]
[BlackFideId "1000268"]
[EventDate "2019.01.08"]

1. e4 c5 2. Nf3 e6 3. d4 cxd4 4. Nxd4 Nc6 5. Nc3 a6 6. g3 d6 7. Nxc6 bxc6 8. Bg2
e5 9. Na4 Nf6 10. c4 c5 11. O-O Be7 12. f4 Bb7 13. Nc3 Nd7 14. Be3 O-O 15. b3
exf4 16. gxf4 Bf6 17. Rc1 Bxc3 18. Rxc3 Nf6 19. e5 Bxg2 20. Kxg2 dxe5 21. fxe5
Ne4 22. Rd3 Qe8 23. Qh5 g6 24. Qf3 Qxe5 25. Bh6 f5 26. Bxf8 Rxf8 27. Qf4 Qxf4
28. Rxf4 g5 29. Rxe4 fxe4 30. Rd5 1/2-1/2

[Event "PRO League Group Stage"]
[Site "chess.com INT"]
[Date "2019.02.19"]
[Round "7"]
[White "Spoelman, Wouter"]
[Black "Ponomariov, Ruslan"]
[Result "1-0"]
[WhiteTitle "GM"]
[BlackTitle "GM"]
[WhiteElo "2578"]
[BlackElo "2664"]
[WhiteTeam "Amsterdam Mosquitoes"]
[BlackTeam "Barcelona Raptors"]
[WhiteFideId "1010891"]
[BlackFideId "14103320"]
[EventDate "2019.01.08"]

1. c4 e6 2. Nf3 d5 3. e3 Nf6 4. b3 Be7 5. Bb2 O-O 6. Nc3 b6 7. d4 Bb7 8. Bd3 c5
9. cxd5 exd5 10. O-O Nbd7 11. Ne5 cxd4 12. exd4 Ne4 13. Ne2 Nxe5 14. dxe5 Bc5
15. a3 a5 16. Nd4 Qe7 17. b4 axb4 18. axb4 Rxa1 19. Bxa1 Bxd4 20. Bxd4 Qxb4 21.
Be3 Qc3 22. Bxe4 dxe4 23. Qd7 Ba6 24. e6 Qc8 25. Rc1 Qxd7 26. exd7 Bb5 27. Rc7
f6 28. Bxb6 h5 29. Bc5 1-0

[Event "PRO League Group Stage"]
[Site "chess.com INT"]
[Date "2019.02.19"]
[Round "7"]
[White "Diaz Camallonga, Carles"]
[Black "Vrolijk, Liam"]
[Result "1/2-1/2"]
[WhiteTitle "IM"]
[BlackTitle "IM"]
[WhiteElo "2432"]
[BlackElo "2433"]
[WhiteTeam "Barcelona Raptors"]
[BlackTeam "Amsterdam Mosquitoes"]
[WhiteFideId "22235256"]
[BlackFideId "1048333"]
[EventDate "2019.01.08"]

1. e4 e5 2. Nf3 Nc6 3. Bb5 Nf6 4. d3 Bc5 5. Bxc6 dxc6 6. Nbd2 Nd7 7. Nc4 O-O 8.
O-O Re8 9. Bg5 f6 10. Be3 a5 11. a4 b6 12. Qe2 Ba6 13. Ncd2 Bf8 14. Kh1 Nc5 15.
Nh4 Ne6 16. g3 Nd4 17. Bxd4 Qxd4 18. b3 Qc3 19. Ndf3 Rad8 20. Qd2 Bb4 21. Qe2
Bc8 22. Ng1 Qd2 23. Qxd2 Bxd2 24. f4 Bc3 25. Ra2 Be6 26. Ne2 Bb4 27. Kg2 Bg4 28.
Nf3 Bh5 29. h3 Bd6 30. g4 Bf7 31. f5 g5 32. fxg6 hxg6 33. Ng3 Be6 34. Nh2 Kg7
35. Raa1 Bb4 36. Ne2 Rh8 37. Rf3 b5 38. axb5 cxb5 39. c3 Be7 40. Rxa5 b4 41.
cxb4 Bxb4 42. Rb5 Rb8 43. Rxb8 Rxb8 44. d4 exd4 45. Nxd4 Bd7 46. Nf1 c5 47. Nc2
Be6 48. Nxb4 Rxb4 49. Nd2 Rd4 50. Rf2 Rd3 51. Re2 Bxb3 52. Nxb3 Rxb3 53. e5 fxe5
54. Rxe5 Rc3 1/2-1/2